Chuyển đến nội dung
Inicio
Centros participantes
Catálogo
Servicios
Contacto
Đăng nhập
English
Deutsch
Español
Français
Italiano
日本語
Nederlands
Português
Português (Brasil)
中文(简体)
中文(繁體)
Türkçe
עברית
Gaeilge
Cymraeg
Ελληνικά
Català
Euskara
Русский
Čeština
Suomi
Svenska
polski
Dansk
slovenščina
اللغة العربية
বাংলা
Galego
Tiếng Việt
Hrvatski
हिंदी
Հայերէն
Українська
Sámegiella
Ngôn ngữ
Tất cả các trường
Tiêu đề
Tác giả
Chủ đề
Số hiệu
số ISBN/ISSN
Nhãn
Tìm kiếm
Nâng cao
Mesa económico, científico, té...
Trích dẫn điều này
Email này
In
Xuất bản ghi
Xuất tới RefWorks
Xuất tới EndNoteWeb
Xuất tới EndNote
Lưu vào danh sách
Liên kết dài hạn
Agregar primera valuación
Mesa económico, científico, técnico
Đã lưu trong:
Chi tiết về thư mục
Tác giả của công ty:
Instituto de Cooperación Iberoamericana
Định dạng:
Texto
Được phát hành:
Madrid:
Huertas
Các nhãn:
Thêm thẻ
Không có thẻ, Là người đầu tiên thẻ bản ghi này!
Đang giữ
Miêu tả
Những bình luận
Những quyển sách tương tự
Chế độ xem nhân viên
MARC
LEADER
00000 a a2200000 04500
001
25456
003
040
090
|a
152519
110
|a
Instituto de Cooperación Iberoamericana
245
|a
Mesa económico, científico, técnico
260
|a
Madrid:
|b
Huertas
300
|a
516 p.
|b
il.
999
|c
5388
|d
5388
Những quyển sách tương tự
Mesa económico, científico, técnico
Mesa económico, científico, técnico
Mesa económico, científico, técnica
Mesa económico, científico, técnica
Mesa económico, científico, técnica